The encyclopedia of tax procedures /

Bibliographic Details
Main Author: Lasser, J. K. (Jacob Kay), 1896-1954
Corporate Author: J.K. Lasser Tax Institute
Format: Book
Language:English
Published: Englewood Cliffs, N. J. : Prentice-Hall, 1956.
Subjects:

MARC

Tag First Indicator Second Indicator Subfields
LEADER 00000cam a2200000 4500
001 in00000062780
005 20151008050630.0
008 741029s1956 nju b 00000 eng
010 |a  56007942  
035 |a (OCoLC)01060093 
035 |9 AAG2268AM 
040 |a DLC  |c CSU  |d TXA  |d UtOrBLW 
049 |a TXAM  |c [282825] 
090 |a KF6320  |b .L37 
092 |a 336.2  |b L347e 
100 1 |a Lasser, J. K.  |q (Jacob Kay),  |d 1896-1954. 
245 1 4 |a The encyclopedia of tax procedures /  |c edited by J. K. Lasser and J. K. Lasser Tax Institute. 
264 1 |a Englewood Cliffs, N. J. :  |b Prentice-Hall,  |c 1956. 
300 |a xii, 1632 pages ;  |c 25 cm. 
336 |a text  |b txt  |2 rdacontent 
337 |a unmediated  |b n  |2 rdamedia 
338 |a volume  |b nc  |2 rdacarrier 
504 |a Includes bibliographies. 
650 0 |a Taxation  |z United States  |x Law and legislation. 
710 2 |a J.K. Lasser Tax Institute. 
999 |a MARS 
999 f f |s 6721bc22-2423-3ad3-a2d4-37c41631f3a5  |i 891d7f13-9ca1-39cd-9e90-d11f094a0975  |t 0 
952 f f |p ric  |a Texas A&M University  |b Rellis Campus  |c Joint Library Facility  |d Remote Storage  |t 0  |e KF6320 .L37  |h Library of Congress classification  |i unmediated -- volume  |m A14800748320 
998 f f |a KF6320 .L37  |t 0  |l Remote Storage